vivartha / (Record no. 11648)
[ view plain ]
| 000 -LEADER | |
|---|---|
| fixed length control field | 00344cam a2200157ua 4500 |
| 041 ## - LANGUAGE CODE | |
| Language code of text/sound track or separate title | hin |
| 082 ## - DEWEY DECIMAL CLASSIFICATION NUMBER | |
| Classification number | 891.43 |
| Item number | JAI/VI |
| 100 ## - MAIN ENTRY--AUTHOR NAME | |
| Personal name | Jainedrakumar, . |
| 245 ## - TITLE STATEMENT | |
| Title | vivartha / |
| 300 ## - PHYSICAL DESCRIPTION | |
| Number of Pages | 231 ; . |
| 942 ## - ADDED ENTRY ELEMENTS (KOHA) | |
| Koha item type | Books |
| Withdrawn status | Lost status | Damaged status | Home library | Current library | Date acquired | Full call number | Accession Number | Koha item type | Public note |
|---|---|---|---|---|---|---|---|---|---|
| Withdrawn | KAUAET | Sanskrit University | 07/04/2012 | 891.43 | 6298 | Books | Transferred to Sanskrit University |
